000
00291nam a22001337a 4500
008
171018b xxu||||| |||| 00| 0 eng d
020
_a
9780538729550
041
_a
eng
080
_2
8 E
_a
338
100
_a
53
101
_a
MEN
245
_a
RECORDS MANAGEMENT
_c
GINN.R
942
_2
udc
_c
BK
999
_c
34719
_d
34719